Countries you can fly to from Bogota Airport (BOG) - Statistics

General Stats
  • This quiz has been taken 28 times
  • The average score is 26 of 27
Answers on the Map
Answers color-coded by a green-red scale on the quiz's map according to % correct below.
 
Answer Stats
Number of destinations Country % Correct
3 Argentina
100%
2 Bolivia
100%
5 Brazil
100%
2 Canada
100%
1 Chile
100%
44 Colombia
100%
1 Costa Rica
100%
2 Dominican Republic
100%
2 Ecuador
100%
1 El Salvador
100%
1 France
100%
1 Guatemala
100%
1 Guyana
100%
5 Mexico
100%
2 Panama
100%
1 Paraguay
100%
2 Peru
100%
2 Spain
100%
1 United Kingdom
100%
13 United states
100%
1 Uruguay
100%
2 Venezuela
100%
1 Cuba
95%
1 Jamaica
95%
3 Netherlands
90%
1 Turkey
86%
1 Switzerland
62%
No matching quizzes found
Score Distribution
Percent of People with Each Score
Percentile by Number Answered
Your Score History
You have not taken this quiz